<?xml version="1.0" encoding="UTF-8"?>
<record
    xmlns:xsi="http://www.w3.org/2001/XMLSchema-instance"
    xsi:schemaLocation="http://www.loc.gov/MARC21/slim http://www.loc.gov/standards/marcxml/schema/MARC21slim.xsd"
    xmlns="http://www.loc.gov/MARC21/slim">

  <leader>01546nam2a2200337   4500</leader>
  <controlfield tag="001">rc\2882808</controlfield>
  <controlfield tag="005">20260315052345.0</controlfield>
  <datafield tag="035" ind1=" " ind2=" ">
    <subfield code="a">(NLR Aleph) 007035564</subfield>
  </datafield>
  <datafield tag="090" ind1=" " ind2=" ">
    <subfield code="a">13585425</subfield>
    <subfield code="c">13585425</subfield>
  </datafield>
  <datafield tag="100" ind1=" " ind2=" ">
    <subfield code="a">20110720d1932    u  y0rusy50      ca</subfield>
  </datafield>
  <datafield tag="101" ind1="0" ind2=" ">
    <subfield code="a">rus</subfield>
  </datafield>
  <datafield tag="102" ind1=" " ind2=" ">
    <subfield code="a">RU</subfield>
  </datafield>
  <datafield tag="105" ind1=" " ind2=" ">
    <subfield code="a">a   z   |||||</subfield>
  </datafield>
  <datafield tag="200" ind1="0" ind2=" ">
    <subfield code="a">&#x412;&#x44B;&#x43F;. 2</subfield>
  </datafield>
  <datafield tag="210" ind1=" " ind2=" ">
    <subfield code="d">1932</subfield>
  </datafield>
  <datafield tag="215" ind1=" " ind2=" ">
    <subfield code="a">148 &#x441;.</subfield>
    <subfield code="c">&#x438;&#x43B;.</subfield>
  </datafield>
  <datafield tag="300" ind1=" " ind2=" ">
    <subfield code="a">&#x41D;&#x430; &#x43E;&#x431;&#x43E;&#x440;&#x43E;&#x442;&#x435; &#x442;&#x438;&#x442;. &#x43B;.: "&#x421;&#x43E;&#x441;&#x442;&#x430;&#x432;&#x438;&#x43B;&#x438;: &#x41C;.&#x418;. &#x41C;&#x438;&#x440;&#x43E;&#x43D;&#x43E;&#x432;&#x430;, &#x41E;.&#x415;. &#x41A;&#x43E;&#x440;&#x43E;&#x442;&#x430;&#x435;&#x432;&#x430;, &#x410;.&#x41A;. &#x41F;&#x440;&#x43E;&#x441;&#x435;&#x446;&#x43A;&#x430;&#x44F;, &#x41C;.&#x42F;. &#x421;&#x442;&#x43E;&#x43C;&#x43E;&#x440;&#x435;&#x432;&#x430;, &#x41E;.&#x418;. &#x41B;&#x438;&#x43C;&#x43E;&#x43D;&#x43E;&#x432;&#x430;, &#x421;.&#x410;. &#x429;&#x435;&#x440;&#x431;&#x430;&#x43A;&#x43E;&#x432;, &#x41D;.&#x42F;. &#x421;&#x438;&#x43A;&#x430;&#x447;&#x435;&#x432; &#x438; &#x41C;.&#x414;. &#x41E;&#x441;&#x438;&#x43F;&#x446;&#x435;&#x432;"</subfield>
  </datafield>
  <datafield tag="461" ind1=" " ind2="0">
    <subfield code="1">001rc\2882807</subfield>
    <subfield code="1">2000#$a&#x41A;&#x43E;&#x43B;&#x445;&#x43E;&#x437; &#x438; &#x442;&#x440;&#x430;&#x43A;&#x442;&#x43E;&#x440;$e&#x420;&#x430;&#x431;&#x43E;&#x447;&#x430;&#x44F; &#x43A;&#x43D;&#x438;&#x433;&#x430; &#x434;&#x43B;&#x44F; &#x441;&#x435;&#x43B;&#x44C;&#x441;&#x43A;&#x438;&#x445; &#x448;&#x43A;&#x43E;&#x43B; &#x426;&#x427;&#x41E;$e1-&#x439; &#x433;&#x43E;&#x434; &#x43E;&#x431;&#x443;&#x447;. ...$v&#x412;&#x44B;&#x43F;. 2</subfield>
    <subfield code="9">6046338</subfield>
    <subfield code="c">&#x412;&#x43E;&#x440;&#x43E;&#x43D;&#x435;&#x436;</subfield>
    <subfield code="d">1932</subfield>
    <subfield code="e">2-&#x435; &#x438;&#x437;&#x434;.</subfield>
    <subfield code="n">&#x438;&#x437;&#x434;-&#x432;&#x43E; &#x438; &#x442;&#x438;&#x43F;. &#x43A;&#x43D;-&#x432;&#x430; "&#x41A;&#x43E;&#x43C;&#x43C;&#x443;&#x43D;&#x430;"</subfield>
    <subfield code="o">&#x420;&#x430;&#x431;&#x43E;&#x447;&#x430;&#x44F; &#x43A;&#x43D;&#x438;&#x433;&#x430; &#x434;&#x43B;&#x44F; &#x441;&#x435;&#x43B;&#x44C;&#x441;&#x43A;&#x438;&#x445; &#x448;&#x43A;&#x43E;&#x43B; &#x426;&#x427;&#x41E; : 1-&#x439; &#x433;&#x43E;&#x434; &#x43E;&#x431;&#x443;&#x447;. ...</subfield>
    <subfield code="t">&#x41A;&#x43E;&#x43B;&#x445;&#x43E;&#x437; &#x438; &#x442;&#x440;&#x430;&#x43A;&#x442;&#x43E;&#x440;</subfield>
    <subfield code="v">&#x412;&#x44B;&#x43F;. 2</subfield>
  </datafield>
  <datafield tag="702" ind1=" " ind2="1">
    <subfield code="a">&#x41C;&#x438;&#x440;&#x43E;&#x43D;&#x43E;&#x432;&#x430;</subfield>
    <subfield code="b">&#x41C;.&#x41D;.</subfield>
    <subfield code="4">220</subfield>
  </datafield>
  <datafield tag="702" ind1=" " ind2="1">
    <subfield code="a">&#x41A;&#x43E;&#x440;&#x43E;&#x442;&#x430;&#x435;&#x432;&#x430;</subfield>
    <subfield code="b">&#x41E;.&#x415;.</subfield>
    <subfield code="4">220</subfield>
  </datafield>
  <datafield tag="702" ind1=" " ind2="1">
    <subfield code="a">&#x41F;&#x440;&#x43E;&#x441;&#x435;&#x446;&#x43A;&#x430;&#x44F;</subfield>
    <subfield code="b">&#x410;.&#x41A;.</subfield>
    <subfield code="4">220</subfield>
  </datafield>
  <datafield tag="702" ind1=" " ind2="1">
    <subfield code="a">&#x421;&#x442;&#x43E;&#x43C;&#x43E;&#x440;&#x435;&#x432;&#x430;</subfield>
    <subfield code="b">&#x41C;.&#x42F;.</subfield>
    <subfield code="4">220</subfield>
  </datafield>
  <datafield tag="702" ind1=" " ind2="1">
    <subfield code="a">&#x41B;&#x438;&#x43C;&#x43E;&#x43D;&#x43E;&#x432;&#x430;</subfield>
    <subfield code="b">&#x41E;.&#x418;.</subfield>
    <subfield code="4">220</subfield>
  </datafield>
  <datafield tag="702" ind1=" " ind2="1">
    <subfield code="a">&#x429;&#x435;&#x440;&#x431;&#x430;&#x43A;&#x43E;&#x432;</subfield>
    <subfield code="b">&#x421;.&#x410;.</subfield>
    <subfield code="4">220</subfield>
  </datafield>
  <datafield tag="702" ind1=" " ind2="1">
    <subfield code="a">&#x421;&#x438;&#x43A;&#x430;&#x447;&#x435;&#x432;</subfield>
    <subfield code="b">&#x41D;.&#x42F;.</subfield>
    <subfield code="4">220</subfield>
  </datafield>
  <datafield tag="702" ind1=" " ind2="1">
    <subfield code="a">&#x41E;&#x441;&#x438;&#x43F;&#x446;&#x435;&#x432;</subfield>
    <subfield code="b">&#x41C;.&#x414;.</subfield>
    <subfield code="4">220</subfield>
  </datafield>
  <datafield tag="801" ind1=" " ind2="0">
    <subfield code="a">RU</subfield>
    <subfield code="b">NLR</subfield>
    <subfield code="g">psbo</subfield>
  </datafield>
  <datafield tag="801" ind1=" " ind2="1">
    <subfield code="a">RU</subfield>
    <subfield code="b">ELAR</subfield>
    <subfield code="2">rusmarc</subfield>
  </datafield>
  <datafield tag="852" ind1=" " ind2=" ">
    <subfield code="a">NLR</subfield>
    <subfield code="j">32-17/349(2)</subfield>
  </datafield>
  <datafield tag="942" ind1=" " ind2=" ">
    <subfield code="c">UNSPEC</subfield>
  </datafield>
  <datafield tag="980" ind1=" " ind2=" ">
    <subfield code="a">NB</subfield>
  </datafield>
</record>
